| 000 | 01495nam a22003970a 4500 | ||
|---|---|---|---|
| 001 | PT22632 | ||
| 003 | AR-LpoUNG | ||
| 005 | 20210131233101.0 | ||
| 008 | 191001s2005||||ag |||||||||||||||||spa d | ||
| 020 |
_a9500722178 _c$10 |
||
| 040 |
_aAR-LpoUNG _bspa _cAR-LpoUNG _eaacr |
||
| 041 | _aspa | ||
| 044 | _aag | ||
| 082 | 0 | _a982 214his | |
| 100 | 1 | _aBandieri, Susana | |
| 245 | 1 | 0 | _aHistoria de la Patagonia |
| 250 | _a1ra. ed. | ||
| 260 |
_aBuenos Aires : _bSudamericana, _c2005. |
||
| 300 |
_a444 p. : _bmapas |
||
| 520 | _a<p>Incorpora resultados de producciones recientes que desde el ámbito regional aportan nuevos conocimientos para la reconstrucción de un complejo proceso histórico. Pretende aportar una mirada superadora de las fronteras entendidas como barreras, tanto las creadas por imposición de divisiones administrativas (caso Chile y Argentina) como aquellas más difusas que pretenden diferenciar culturas aparentemente irreconciliables entre la sociedad blanca y la indígena.</p> | ||
| 650 | 4 | _aANALISIS HISTORICO | |
| 650 | 4 | _aANTROPOLOGIA SOCIAL Y CULTURAL | |
| 650 | 4 | _aARGENTINA | |
| 650 | 4 | _aASPECTOS ECONOMICOS | |
| 650 | 4 | _aASPECTOS GEOGRAFICOS | |
| 650 | 4 | _aFRONTERAS | |
| 650 | 4 | _aHISTORIA POLITICA | |
| 650 | 4 | _aHISTORIA SOCIAL | |
| 650 | 4 | _aIDENTIDAD CULTURAL | |
| 650 | 4 | _aINTEGRACION FRONTERIZA | |
| 650 | 4 | _aINVERSIONES EXTRANJERAS | |
| 650 | 4 | _aPOBLACION INDIGENA | |
| 651 | 4 | _aArgentina | |
| 905 | _a22632 | ||
| 942 | _cLIB | ||
| 999 |
_c19112 _d19112 |
||